000
00267nam a2200109Ia 4500
008
220204s9999 xx 000 0 und d
082
_a
82-3
_b
DIX
100
_a
Dixon, F W
245
0
_a
Hooded hawk mystery
260
_a
New York
_b
Grosset and Dunlop
_c
1971
942
_c
BK
999
_c
37631
_d
37631